000 00327nam a2200145 i 4500
001 bg
100 1 _aŁĄCZKOWSKI, A.
245 0 _aŻelbet /
_cA. Łączkowski, J. Rojek.
260 _aBydgoszcz,
_c1988.
700 1 _aROJEK, J.
040 _cBPK
041 _apol
942 _cKS
008 s pl f |000 0 pol
999 _c3849
_d3849
856 _uhttp://koha.tu.koszalin.pl/cgi-bin/koha/opac-detail.pl?biblionumber=3849
_yKatalog online BPK